[Event "Besancon op"]
[Site "Besancon"]
[Date "2014.??.??"]
[Round "3"]
[White "Kassab, Chadi"]
[Black "Cinal, Michel"]
[Result "0-1"]
[WhiteElo "1150"]
[BlackElo "1500"]
[PlyCount "68"]
[EventDate "2014.10.29"]
[EventType "swiss"]
[EventRounds "7"]
[EventCountry "FRA"]
[SourceTitle "EXT 2016"]
[Source "ChessBase"]
[SourceDate "2015.10.08"]
[SourceVersion "1"]
[SourceVersionDate "2015.10.08"]
[SourceQuality "1"]

1. e4 Nf6 2. e5 Nd5 3. Bc4 c6 4. Bxd5 cxd5 5. Nf3 d6 6. exd6 Qxd6 7. d4 Bg4 8. h3 Bh5 9. Nc3 e6 10. 0-0 Be7 11. Re1 0-0 12. Bd2 Nc6 13. Qc1 Bxf3 14. gxf3 Nxd4 15. Bf4 Qc6 16. Qe3 Nxc2 17. Qc1 Nxe1 18. Qxe1 b5 19. Rc1 Qb7 20. Qe5 Rac8 21. Be3 Bf6 22. Qg3 g6 23. h4 h5 24. Qf4 Bg7 25. Bd4 f6 26. Re1 e5 27. Bxe5 fxe5 28. Qd2 d4 29. Ne4 Qd5 30. Nc3 Qxf3 31. Nxb5 Qg4+ 32. Kf1 Qxh4 33. Nxa7 Bh6 34. Qxh6 Qxf2# 0-1

[Event "Besancon op"]
[Site "Besancon"]
[Date "2014.??.??"]
[Round "1"]
[White "Sonnet, Jean Pierre"]
[Black "Cinal, Michel"]
[Result "1-0"]
[WhiteElo "2080"]
[BlackElo "1500"]
[PlyCount "75"]
[EventDate "2014.10.29"]
[EventType "swiss"]
[EventRounds "7"]
[EventCountry "FRA"]
[SourceTitle "EXT 2016"]
[Source "ChessBase"]
[SourceDate "2015.10.08"]
[SourceVersion "1"]
[SourceVersionDate "2015.10.08"]
[SourceQuality "1"]

1. e4 Nf6 2. d3 Nc6 3. Nf3 d5 4. Nbd2 Bg4 5. h3 Bh5 6. c3 e6 7. Qa4 Be7 8. e5 Nd7 9. d4 0-0 10. Bb5 Nb6 11. Qd1 Na5 12. Nf1 Bxf3 13. Qxf3 Bg5 14. Bxg5 Qxg5 15. h4 Qe7 16. h5 Nac4 17. h6 g6 18. b3 a6 19. bxc4 axb5 20. c5 Nc4 21. Ne3 Nxe3 22. Qxe3 f6 23. exf6 Rxf6 24. 0-0 Raf8 25. Rae1 R8f7 26. Re2 Qf8 27. Rfe1 Re7 28. Qh3 Kf7 29. Re5 Qg8 30. Qe3 Ke8 31. Rxd5 Qf8 32. Re5 Kd7 33. d5 Qf7 34. Qd3 Kc8 35. Qxb5 Rxf2 36. c6 bxc6 37. dxc6 Re8 38. Rd1 1-0